[Event "La Roda op 50th"]
[Site "La Roda"]
[Date "2024.03.28"]
[Round "3"]
[White "Xu, Xiangyu"]
[Black "Pomes Marcet, Juan"]
[Result "1-0"]
[WhiteElo "2623"]
[BlackElo "2235"]
[PlyCount "83"]
[EventDate "2024.03.27"]
[EventType "swiss"]
[EventRounds "9"]
[EventCountry "ESP"]
[SourceTitle "CB14_2024"]
[SourceDate "2024.04.01"]
[SourceVersion "1"]
[SourceVersionDate "2024.04.01"]
[SourceQuality "1"]

1. c4 e5 2. g3 Nc6 3. Bg2 d6 4. Nc3 Be6 5. Nf3 Nge7 6. b3 g6 7. d4 Bg4 8. Bg5 Bg7 9. Nd5 Bxf3 10. Bxf3 exd4 11. Nxe7 Nxe7 12. Bxb7 Rb8 13. Bc6+ Kf8 14. Bf3 h6 15. Bd2 Qd7 16. Rb1 Nc6 17. Bg2 h5 18. h3 f5 19. 0-0 Re8 20. h4 Ne5 21. e3 Ng4 22. exd4 Bxd4 23. Bh6+ Rxh6 24. Qxd4 c5 25. Qd2 Rh7 26. Rbd1 Re6 27. b4 Qc7 28. b5 Rhe7 29. a4 Kg7 30. a5 Kh7 31. Rfe1 Ne5 32. Bd5 Rf6 33. f4 Ng4 34. b6 Qd8 35. Rxe7+ Qxe7 36. Re1 Qg7 37. Qb2 axb6 38. axb6 Rf8 39. Qxg7+ Kxg7 40. b7 Rb8 41. Re7+ Kh6 42. Bc6 1-0

[Event "Catalunya-chT Gp1"]
[Site "Barcelona"]
[Date "2024.01.27"]
[Round "2.2"]
[White "Pomes Marcet, Juan"]
[Black "Diaz Camallonga, Carles"]
[Result "0-1"]
[WhiteElo "2236"]
[BlackElo "2493"]
[PlyCount "82"]
[EventDate "2024.01.20"]
[EventType "team-tourn"]
[EventRounds "7"]
[EventCountry "ESP"]
[SourceTitle "CB06_2024"]
[SourceDate "2024.02.07"]
[SourceVersion "1"]
[SourceVersionDate "2024.02.07"]
[SourceQuality "1"]
[WhiteTeam "Terrassa"]
[BlackTeam "Colon Sabadell"]
[WhiteTeamCountry "ESP"]
[BlackTeamCountry "ESP"]

1. d4 d5 2. c4 e6 3. Nc3 c6 4. e3 Nf6 5. Nf3 a6 6. b3 Bb4 7. Bd2 0-0 8. Qc2 Nbd7 9. Bd3 Re8 10. 0-0 Bd6 11. Rad1 h6 12. h3 b5 13. e4 dxc4 14. bxc4 e5 15. dxe5 Nxe5 16. Nxe5 Bxe5 17. Be3 Qe7 18. Ne2 Be6 19. f4 Bb8 20. c5 Ba7 21. Kh1 Bf5 22. e5 Nd5 23. Bd2 Bxd3 24. Qxd3 Bxc5 25. Rc1 Rad8 26. Qe4 Rc8 27. Ng3 Ba3 28. Nf5 Qe6 29. Rc2 Bf8 30. Nd4 Qd7 31. Nf3 c5 32. Bc1 Nb4 33. Rd2 Qc6 34. Qe2 c4 35. Nd4 Qb6 36. Ba3 Nd3 37. Bxf8 Qxd4 38. Bxg7 Kxg7 39. Qg4+ Kf8 40. Qh5 Rc6 41. f5 Rxe5 0-1

[Event "Barbera del Valles op 45th"]
[Site "Barbera del Valles"]
[Date "2023.07.06"]
[Round "3"]
[White "Berdayes Ason, Dylan Isidro"]
[Black "Pomes Marcet, Juan"]
[Result "1-0"]
[WhiteElo "2509"]
[BlackElo "2235"]
[PlyCount "167"]
[EventDate "2023.07.04"]
[EventType "swiss"]
[EventRounds "9"]
[EventCountry "ESP"]
[SourceTitle "CBM 215 Extra"]
[Source "ChessBase"]
[SourceDate "2023.09.30"]
[SourceVersion "1"]
[SourceVersionDate "2023.09.30"]
[SourceQuality "1"]

1. e4 e6 2. d4 d5 3. Nc3 Nf6 4. e5 Nfd7 5. f4 c5 6. Nf3 Nc6 7. Be3 cxd4 8. Nxd4 Bc5 9. Qd2 Nxd4 10. Bxd4 0-0 11. 0-0-0 a6 12. Qe3 Qc7 13. Bd3 Bxd4 14. Qxd4 Qc5 15. Ne2 b5 16. Rhe1 b4 17. f5 Qxd4 18. Nxd4 Re8 19. fxe6 fxe6 20. Kd2 Nc5 21. Ra1 Bd7 22. a3 Reb8 23. b3 a5 24. axb4 Rxb4 25. Ke3 a4 26. Reb1 Rc8 27. bxa4 Rxb1 28. Rxb1 Bxa4 29. Rb6 Bd7 30. Nf3 h6 31. Kd4 Kf7 32. Rb1 Ke7 33. Ra1 Nxd3 34. Kxd3 Bb5+ 35. Kd2 Rc4 36. Ra7+ Bd7 37. c3 Ra4 38. Rxa4 Bxa4 39. Ke3 Kd7 40. g3 Bd1 41. Ne1 Kc6 42. Nd3 g5 43. Kd4 Be2 44. Nf2 Kb5 45. h4 gxh4 46. gxh4 Bf3 47. Nd3 Bg4 48. Nc5 Kc6 49. Nd3 Kb5 50. Nf4 Kc6 51. Ng6 Kb5 52. Ne7 Bf3 53. Ng8 h5 54. Ne7 Kb6 55. Ng6 Kc6 56. Nf8 Bg4 57. Nh7 Kb5 58. Nf6 Bf3 59. Ne8 Bg4 60. Nd6+ Kc6 61. c4 dxc4 62. Kxc4 Bd1 63. Kd4 Bc2 64. Ne8 Bd1 65. Nf6 Kb5 66. Ne4 Bf3 67. Nc5 Bg4 68. Nd3 Bf5 69. Nf4 Bg4 70. Ng6 Bf5 71. Ne7 Bg4 72. Nc8 Bd1 73. Nd6+ Kc6 74. Nf7 Bc2 75. Ke3 Kd5 76. Kf4 Bg6 77. Nd6 Bd3 78. Ne8 Be2 79. Nc7+ Kc6 80. Nxe6 Kd7 81. Ng7 Ke7 82. Kg5 Kf7 83. Nxh5 Bd3 84. Nf4 1-0

[Event "Llinars del Valles 3rd"]
[Site "Llinars del Valles"]
[Date "2023.06.29"]
[Round "5"]
[White "Pomes Marcet, Juan"]
[Black "Moskalenko, Viktor"]
[Result "1-0"]
[WhiteElo "2236"]
[BlackElo "2436"]
[PlyCount "109"]
[EventDate "2023.06.25"]
[EventType "swiss"]
[EventRounds "9"]
[EventCountry "ESP"]
[SourceTitle "CBM 215 Extra"]
[Source "ChessBase"]
[SourceDate "2023.09.30"]
[SourceVersion "1"]
[SourceVersionDate "2023.09.30"]
[SourceQuality "1"]

1. d4 g6 2. c4 Bg7 3. Nf3 d6 4. g3 Nd7 5. Nc3 e5 6. Bg2 Ne7 7. 0-0 0-0 8. e4 Nc6 9. d5 Ne7 10. Be3 h6 11. Qd2 Kh7 12. Ne1 f5 13. f3 Nf6 14. Nd3 Bd7 15. Kh1 a6 16. a4 Rf7 17. a5 Qh8 18. Rac1 Raf8 19. b4 fxe4 20. fxe4 Ng4 21. Bg1 h5 22. Qe2 h4 23. Rxf7 Rxf7 24. Bf3 Nf6 25. gxh4 Qf8 26. Rf1 Nh5 27. Bg2 Nf4 28. Nxf4 exf4 29. Qf3 Qc8 30. Ne2 Bg4 31. Qd3 Be5 32. Nd4 Ng8 33. Nf3 Bxf3 34. Qxf3 Nf6 35. Bh3 Qh8 36. Bf2 Kg7 37. Rg1 Nh5 38. Bf5 Rf6 39. Rg5 Kf7 40. Bxg6+ Rxg6 41. Rxh5 Qg8 42. Qh3 Ke7 43. Rg5 Rxg5 44. hxg5 Qg6 45. Qf5 Qh5 46. Kg2 f3+ 47. Qxf3 Qxh2+ 48. Kf1 Qf4 49. Qxf4 Bxf4 50. g6 Kf6 51. Bh4+ Kxg6 52. Ke2 Bg5 53. Bxg5 Kxg5 54. Kf3 Kg6 55. c5 1-0

[Event "EU-ch Seniors 65 22nd"]
[Site "Acqui Terme"]
[Date "2023.05.30"]
[Round "5"]
[White "Ftacnik, Lubomir"]
[Black "Pomes Marcet, Juan"]
[Result "1-0"]
[WhiteElo "2456"]
[BlackElo "2239"]
[PlyCount "85"]
[EventDate "2023.05.26"]
[EventType "swiss"]
[EventRounds "9"]
[EventCountry "ITA"]
[SourceTitle "CBM 214 Extra"]
[Source "ChessBase"]
[SourceDate "2023.07.31"]
[SourceVersion "1"]
[SourceVersionDate "2023.07.31"]
[SourceQuality "1"]

1. Nf3 d5 2. d4 Nf6 3. c4 c6 4. e3 Bf5 5. Nc3 e6 6. Nh4 Be4 7. f3 Bg6 8. Bd2 Nbd7 9. cxd5 exd5 10. g3 Bd6 11. Kf2 0-0 12. Nxg6 fxg6 13. Kg2 Qb6 14. Rb1 a5 15. Be2 Rae8 16. Re1 Kh8 17. Qc2 Re7 18. a3 Qa7 19. b4 axb4 20. axb4 b5 21. Nd1 Qb6 22. Rc1 Nb8 23. Nf2 Rfe8 24. Nd3 Qc7 25. Nc5 Nfd7 26. Bd3 Nb6 27. e4 Nc4 28. e5 Bxc5 29. bxc5 Nxd2 30. Qxd2 Nd7 31. f4 Nf8 32. Ra1 Ne6 33. Bc2 Rf8 34. h4 Qc8 35. Rf1 Nd8 36. Qd1 Nf7 37. h5 gxh5 38. Qxh5 Nh6 39. f5 Rg8 40. Rh1 b4 41. f6 Rb7 42. Raf1 Qa8 43. Bxh7 1-0

[Event "EU-ch Seniors 65 22nd"]
[Site "Acqui Terme"]
[Date "2023.05.27"]
[Round "2"]
[White "Pomes Marcet, Juan"]
[Black "Van Herck, Marcel"]
[Result "1-0"]
[WhiteElo "2239"]
[BlackElo "2009"]
[PlyCount "55"]
[EventDate "2023.05.26"]
[EventType "swiss"]
[EventRounds "9"]
[EventCountry "ITA"]
[SourceTitle "CBM 214 Extra"]
[Source "ChessBase"]
[SourceDate "2023.07.31"]
[SourceVersion "1"]
[SourceVersionDate "2023.07.31"]
[SourceQuality "1"]

1. d4 Nf6 2. c4 e6 3. Nc3 Bb4 4. Bg5 h6 5. Bh4 c5 6. d5 Bxc3+ 7. bxc3 e5 8. Qc2 d6 9. e3 g5 10. Bg3 e4 11. h4 Rg8 12. hxg5 hxg5 13. Ne2 Bf5 14. a4 Qe7 15. Qb3 Kf8 16. Rb1 Nbd7 17. Qa3 b6 18. Nd4 Bg4 19. Nc6 Qe8 20. Bxd6+ Kg7 21. Be2 Rh8 22. Kd2 Bxe2 23. Kxe2 Ng4 24. Qa1 Kg6 25. Rxh8 Qxh8 26. Ne7+ Kf6 27. Rh1 Qg7 28. Qb1 1-0

[Event "ESP-ch 87th"]
[Site "Linares"]
[Date "2022.08.13"]
[Round "4"]
[White "Garcia Ramos, Daniel"]
[Black "Pomes Marcet, Juan"]
[Result "1-0"]
[WhiteElo "2435"]
[BlackElo "2210"]
[PlyCount "155"]
[EventDate "2022.08.11"]
[EventType "swiss"]
[EventRounds "9"]
[EventCountry "ESP"]
[SourceTitle "CBM 209 Extra"]
[Source "ChessBase"]
[SourceDate "2022.09.30"]
[SourceVersion "1"]
[SourceVersionDate "2022.09.30"]
[SourceQuality "1"]

1. c4 e5 2. Nc3 d6 3. g3 Nc6 4. Bg2 Be6 5. Nd5 Qd7 6. e3 Nd8 7. d3 c6 8. Nc3 Nf6 9. Nf3 Bh3 10. 0-0 Bxg2 11. Kxg2 g6 12. e4 Bg7 13. Be3 Ne6 14. d4 exd4 15. Nxd4 0-0 16. Qf3 Rfe8 17. Nb3 Qe7 18. Rfe1 Nd7 19. Rad1 h5 20. Qe2 Ndc5 21. Nd4 a5 22. Qd2 Nxd4 23. Bxd4 Bxd4 24. Qxd4 Rad8 25. Re2 Qe5 26. Qd2 Kg7 27. f4 Qf6 28. Qe3 b6 29. h4 Qe6 30. b3 f6 31. Qf3 Qg4 32. Red2 Re6 33. Rd4 Kf7 34. Qf2 Nxe4 35. Nxe4 Rxe4 36. Rxe4 Qxd1 37. Re1 Qd3 38. Qxb6 Qd2+ 39. Kf1 Re8 40. Rxe8 Kxe8 41. Qxc6+ Ke7 42. Qe4+ Kd7 43. f5 Qd1+ 44. Kg2 gxf5 45. Qxf5+ Ke7 46. Qe4+ Kd7 47. Kh2 Qd2+ 48. Qg2 Qd1 49. Qf2 Ke7 50. Kg2 Kf7 51. Qf3 Qd2+ 52. Kh3 Kg6 53. Qe4+ Kg7 54. Qe7+ Kg6 55. Qe4+ Kg7 56. a3 Qd1 57. b4 Qf1+ 58. Kh2 axb4 59. axb4 Qf2+ 60. Qg2 Qd4 61. Qc2 Kf7 62. Qe2 Kf8 63. Kg2 Kg7 64. b5 Kg6 65. Qe8+ Kh6 66. Qh8+ Kg6 67. Qg8+ Kh6 68. Qd5 Qb2+ 69. Kf3 Qc3+ 70. Kf4 Kg6 71. Qe4+ Kg7 72. b6 Qd2+ 73. Qe3 Qb4 74. Kf5 Qb1+ 75. Ke6 Qb4 76. Qd4 Qb3 77. Qxf6+ Kg8 78. Qg6+ 1-0

[Event "La Roda op 48th"]
[Site "La Roda"]
[Date "2022.04.17"]
[Round "9"]
[White "Bustos Bernardo, Samuel"]
[Black "Pomes Marcet, Juan"]
[Result "1-0"]
[WhiteElo "2132"]
[BlackElo "2239"]
[PlyCount "85"]
[EventDate "2022.04.13"]
[EventType "swiss"]
[EventRounds "9"]
[EventCountry "ESP"]
[SourceTitle "CBM 207 Extra"]
[Source "ChessBase"]
[SourceDate "2022.05.31"]
[SourceVersion "1"]
[SourceVersionDate "2022.05.31"]
[SourceQuality "1"]

1. Nf3 d5 2. d4 Nf6 3. c4 c6 4. Nc3 dxc4 5. a4 a5 6. e4 Bg4 7. Bxc4 e6 8. Be3 Bb4 9. Qd3 Nbd7 10. Nd2 e5 11. h3 Bh5 12. 0-0 Bg6 13. f4 exf4 14. Bxf4 0-0 15. Rae1 Re8 16. Kh1 Nb6 17. Ba2 Nfd5 18. Bg3 Qg5 19. Bh2 Rad8 20. Nf3 Qe7 21. Ne5 Nf6 22. Qe3 Kh8 23. Bg3 c5 24. d5 Nc8 25. Qf3 Bh5 26. Qf2 Nd6 27. Qc2 Bg6 28. Nxg6+ hxg6 29. e5 Nh5 30. Bf2 Nf5 31. Qd3 Qg5 32. Ne4 Qh6 33. Nc3 Qf4 34. Kg1 Rxe5 35. Rxe5 Qxe5 36. Re1 Nf4 37. Qf3 Qb8 38. Re4 Bxc3 39. bxc3 Nxd5 40. Re1 Nf4 41. Bxf7 Nd3 42. Bxg6 Nxe1 43. Qxf5 1-0

[Event "Catalunya-chT Gp1"]
[Site "Barcelona"]
[Date "2022.03.12"]
[Round "8.1"]
[White "Pomes Marcet, Juan"]
[Black "Aguero Jimenez, Luis Lazaro"]
[Result "1-0"]
[WhiteElo "2237"]
[BlackElo "2503"]
[PlyCount "101"]
[EventDate "2022.01.22"]
[EventType "team-tourn"]
[EventRounds "9"]
[EventCountry "ESP"]
[SourceTitle "CBM 208 Extra"]
[Source "ChessBase"]
[SourceDate "2022.07.31"]
[SourceVersion "1"]
[SourceVersionDate "2022.07.31"]
[SourceQuality "1"]
[WhiteTeam "Terrassa"]
[BlackTeam "Sant Cugat"]
[WhiteTeamCountry "ESP"]
[BlackTeamCountry "ESP"]

1. d4 d5 2. c4 dxc4 3. Nf3 Nf6 4. e3 a6 5. Bxc4 e6 6. 0-0 b5 7. Be2 Bb7 8. b3 Nbd7 9. Bb2 c5 10. a4 b4 11. Nbd2 Be7 12. Rc1 0-0 13. Nc4 Qc7 14. Nce5 Rfd8 15. Qc2 Nxe5 16. Nxe5 Bd6 17. h3 Rac8 18. Rfd1 Qb8 19. Nc4 Bh2+ 20. Kh1 Nd5 21. dxc5 Rxc5 22. Bf3 Bd6 23. Bd4 Rcc8 24. Qb2 Bf8 25. Be5 Qa8 26. Qe2 f6 27. Bb2 Qb8 28. Rd4 Bc5 29. Rdd1 Ba8 30. Rd3 Rd7 31. Rcd1 Re7 32. Qd2 Ree8 33. Bh5 Rf8 34. Bg4 Rfe8 35. Bh5 Rf8 36. Bg4 Rce8 37. Bf3 Kh8 38. Qc2 Ba7 39. Qd2 Qc7 40. e4 Bb8 41. g3 Nb6 42. Nd6 Re7 43. Qxb4 f5 44. Be5 Qa7 45. exf5 Bxf3+ 46. Rxf3 Qa8 47. Rdd3 Nd5 48. Qe4 Rd7 49. fxe6 Rxf3 50. exd7 Rf8 51. Qxd5 1-0

[Event "Catalunya-chT Gp1"]
[Site "Barcelona"]
[Date "2022.03.05"]
[Round "7.2"]
[White "Valle Maytin, Luis Enrique"]
[Black "Pomes Marcet, Juan"]
[Result "1/2-1/2"]
[WhiteElo "2272"]
[BlackElo "2237"]
[PlyCount "82"]
[EventDate "2022.01.22"]
[EventType "team-tourn"]
[EventRounds "9"]
[EventCountry "ESP"]
[SourceTitle "CBM 208 Extra"]
[Source "ChessBase"]
[SourceDate "2022.07.31"]
[SourceVersion "1"]
[SourceVersionDate "2022.07.31"]
[SourceQuality "1"]
[WhiteTeam "Gerunda"]
[BlackTeam "Terrassa"]
[WhiteTeamCountry "ESP"]
[BlackTeamCountry "ESP"]

1. d4 d5 2. Nf3 Nf6 3. e3 Bf5 4. Bd3 e6 5. 0-0 Bd6 6. c4 dxc4 7. Bxf5 exf5 8. Qc2 Qc8 9. a4 0-0 10. Nbd2 Nc6 11. Nxc4 Qe6 12. Bd2 Ne4 13. Rfd1 Ne7 14. Rac1 c6 15. Nxd6 Qxd6 16. Ne5 Nd5 17. f3 Nxd2 18. Qxd2 Qb4 19. Qxb4 Nxb4 20. a5 Rfe8 21. Kf2 Rad8 22. Nd3 Nd5 23. a6 bxa6 24. Rxc6 Rxe3 25. Rxa6 Rxd3 26. Rxd3 Nb4 27. Rda3 Nxa6 28. Rxa6 Rb8 29. Rxa7 Rxb2+ 30. Kg3 g5 31. h4 f4+ 32. Kh3 gxh4 33. Ra5 Rd2 34. Rg5+ Kf8 35. d5 f6 36. Rf5 Kf7 37. Rxf4 Rxd5 38. Rxh4 h5 39. Ra4 Rg5 40. g3 Rf5 41. f4 Kg6 1/2-1/2

[Event "EU-ch Seniors 50 17h"]
[Site "Sabadell"]
[Date "2017.08.19"]
[Round "8"]
[White "Druckenthaner, Andreas"]
[Black "Pomes Marcet, Juan"]
[Result "1/2-1/2"]
[WhiteElo "2278"]
[BlackElo "2340"]
[PlyCount "88"]
[EventDate "2017.08.12"]
[EventType "swiss"]
[EventRounds "9"]
[EventCountry "ESP"]
[SourceTitle "CBM 180 Extra"]
[Source "ChessBase"]
[SourceDate "2017.10.06"]
[SourceVersion "1"]
[SourceVersionDate "2017.10.06"]
[SourceQuality "1"]

1. e4 e6 2. d4 d5 3. Nc3 Bb4 4. exd5 exd5 5. Qf3 Nc6 6. Bb5 Nge7 7. Nge2 Bf5 8. Bd3 Qd7 9. 0-0 0-0-0 10. a3 Ba5 11. Na4 Bg4 12. Qxf7 Bxe2 13. Bxe2 Nxd4 14. Bd1 Rdf8 15. Qh5 Qxa4 16. Qg4+ Nef5 17. c3 Qc4 18. cxd4 Qxd4 19. Qxd4 Nxd4 20. Be3 Bb6 21. Bg4+ Nf5 22. Rae1 d4 23. Bd2 Kb8 24. Re5 Nd6 25. Bb4 Re8 26. Bxd6 cxd6 27. Rxe8+ Rxe8 28. Rc1 a5 29. Kf1 Re5 30. Be2 Bd8 31. a4 Bf6 32. Bd3 h6 33. Rc2 Ka7 34. Rc4 Re8 35. b3 Kb6 36. b4 d5 37. bxa5+ Kxa5 38. Rc7 Kb6 39. Rc2 Ra8 40. Rb2+ Kc6 41. g3 Kc7 42. Bb5 Be7 43. Ke2 Rf8 44. Rd2 Bf6 1/2-1/2

[Event "EU-ch Seniors 50 17h"]
[Site "Sabadell"]
[Date "2017.08.18"]
[Round "7"]
[White "Pomes Marcet, Juan"]
[Black "Crickmore, Neil EG"]
[Result "0-1"]
[WhiteElo "2340"]
[BlackElo "2162"]
[PlyCount "80"]
[EventDate "2017.08.12"]
[EventType "swiss"]
[EventRounds "9"]
[EventCountry "ESP"]
[SourceTitle "CBM 180 Extra"]
[Source "ChessBase"]
[SourceDate "2017.10.06"]
[SourceVersion "1"]
[SourceVersionDate "2017.10.06"]
[SourceQuality "1"]

1. d4 Nf6 2. c4 e6 3. Nc3 Bb4 4. e3 0-0 5. Nge2 c6 6. a3 Ba5 7. b4 Bc7 8. e4 d5 9. e5 Nfd7 10. Nf4 a5 11. Rb1 axb4 12. axb4 c5 13. bxc5 Ba5 14. Bd2 Nc6 15. Nb5 dxc4 16. Rc1 Qg5 17. Bxa5 Rxa5 18. Nh3 Qg6 19. Nd6 b5 20. Nf4 Qh6 21. g3 g5 22. Ng2 f6 23. Ne3 fxe5 24. Ng4 Qg7 25. Bg2 Nxd4 26. c6 Nc5 27. 0-0 Ra2 28. Ra1 Rxa1 29. Qxa1 Qc7 30. Ne4 Nxe4 31. Bxe4 c3 32. Re1 b4 33. Qc1 Qg7 34. Qb1 b3 35. Qd3 c2 36. Qc3 Kh8 37. Qc5 b2 38. Bxc2 Nf3+ 39. Kf1 Ba6+ 40. Re2 Nd4 0-1

[Event "EU-ch Seniors 50 17h"]
[Site "Sabadell"]
[Date "2017.08.15"]
[Round "4"]
[White "Pomes Marcet, Juan"]
[Black "Marino Bravo, Miguel Angel"]
[Result "1/2-1/2"]
[WhiteElo "2340"]
[BlackElo "2158"]
[PlyCount "131"]
[EventDate "2017.08.12"]
[EventType "swiss"]
[EventRounds "9"]
[EventCountry "ESP"]
[SourceTitle "CBM 180 Extra"]
[Source "ChessBase"]
[SourceDate "2017.10.06"]
[SourceVersion "1"]
[SourceVersionDate "2017.10.06"]
[SourceQuality "1"]

1. d4 d5 2. c4 e6 3. Nc3 Nf6 4. cxd5 exd5 5. Bg5 Be7 6. e3 c6 7. Qc2 Ne4 8. Bxe7 Qxe7 9. Nxd5 cxd5 10. Qxc8+ Qd8 11. Bb5+ Nc6 12. Qxd8+ Kxd8 13. Bxc6 bxc6 14. Rc1 Kd7 15. Nf3 f6 16. Nd2 Nxd2 17. Kxd2 Rhb8 18. Kc2 Rb6 19. Kb1 f5 20. Rhe1 Re8 21. Rc3 Re6 22. f3 Rb7 23. Kc2 Kd6 24. Ra3 Rbe7 25. Kd2 Rb7 26. b3 Rbe7 27. Ra6 Rh6 28. h3 Rg6 29. Re2 h5 30. h4 Rg3 31. Kd3 g5 32. Rc2 Rc7 33. hxg5 Rxg5 34. b4 Kd7 35. Ra3 Rb7 36. Ra6 Rc7 37. a3 h4 38. Ra5 Rb7 39. Rac5 Rg6 40. Rf2 Kc7 41. Rb2 a6 42. a4 Kd6 43. Rc1 Re6 44. Re1 Rb8 45. Rh1 Rbe8 46. Re2 Rb8 47. Kc3 Rbe8 48. Rhe1 Rg8 49. Kd3 Rb8 50. Rb1 Rg6 51. Reb2 Rb7 52. Ra1 Re6 53. Re1 Rb8 54. e4 fxe4+ 55. fxe4 dxe4+ 56. Rxe4 Rxe4 57. Kxe4 Re8+ 58. Kd3 Rg8 59. Kc4 Rf8 60. Re2 Rf1 61. Re4 Rc1+ 62. Kb3 Rb1+ 63. Kc3 Rc1+ 64. Kb2 Rh1 65. Kc3 Rc1+ 66. Kb2 1/2-1/2

[Event "EU-ch Seniors 50 17h"]
[Site "Sabadell"]
[Date "2017.08.12"]
[Round "1"]
[White "Pomes Marcet, Juan"]
[Black "Vella Ramirez, Alfonso"]
[Result "1-0"]
[WhiteElo "2340"]
[BlackElo "1992"]
[PlyCount "59"]
[EventDate "2017.08.12"]
[EventType "swiss"]
[EventRounds "9"]
[EventCountry "ESP"]
[SourceTitle "CBM 180 Extra"]
[Source "ChessBase"]
[SourceDate "2017.10.06"]
[SourceVersion "1"]
[SourceVersionDate "2017.10.06"]
[SourceQuality "1"]

1. d4 e6 2. c4 f5 3. g3 Nf6 4. Bg2 Bb4+ 5. Nc3 Bxc3+ 6. bxc3 d6 7. Nf3 0-0 8. 0-0 Qe8 9. Qb3 Nc6 10. c5 dxc5 11. dxc5 Kh8 12. Nd4 e5 13. Nxc6 bxc6 14. Qa4 Ne4 15. Bxe4 fxe4 16. Qxe4 Bf5 17. Qh4 Qe6 18. Be3 Rab8 19. Qa4 Rb2 20. Rfe1 e4 21. Qxa7 Bg4 22. Qxc7 Bxe2 23. Qd6 Qc8 24. Rab1 Rxa2 25. Rb7 Rg8 26. Qe7 Qg4 27. Bd4 h6 28. h3 Qg6 29. Qd6 Qh5 30. Bxg7+ 1-0

[Event "Catalunya-chT Gp2"]
[Site "Barcelona"]
[Date "2017.02.18"]
[Round "5.2"]
[White "Matnadze, Ana"]
[Black "Pomes Marcet, Juan"]
[Result "1-0"]
[WhiteElo "2399"]
[BlackElo "2338"]
[PlyCount "63"]
[EventDate "2017.01.21"]
[EventType "team-tourn"]
[EventRounds "7"]
[EventCountry "ESP"]
[SourceTitle "EXT 2018"]
[Source "ChessBase"]
[SourceDate "2017.10.13"]
[SourceVersion "1"]
[SourceVersionDate "2017.10.13"]
[SourceQuality "1"]
[WhiteTeam "Barcelona Escola Escacs"]
[BlackTeam "Terrassa"]
[WhiteTeamCountry "ESP"]
[BlackTeamCountry "ESP"]

1. d4 d5 2. Nf3 Nf6 3. c4 c6 4. g3 dxc4 5. a4 Bg4 6. Bg2 Nbd7 7. Nbd2 Bxf3 8. Bxf3 e5 9. Nxc4 e4 10. Bg2 Nb6 11. Nxb6 Bb4+ 12. Kf1 Qxb6 13. Bg5 Be7 14. e3 0-0 15. Bxf6 Bxf6 16. Bxe4 Rad8 17. Kg2 c5 18. Qh5 Rfe8 19. Qxh7+ Kf8 20. a5 Qb4 21. Rhc1 c4 22. Qh8+ Ke7 23. Qh5 Rh8 24. Qf3 Rd7 25. h4 Rc7 26. Bd5 Qxb2 27. Rab1 Qd2 28. Rxc4 Rhc8 29. Rxb7 Rxb7 30. Rxc8 Rb2 31. Qe4+ Kd6 32. Rc6+ 1-0

[Event "Catalunya-chT Gp2"]
[Site "Barcelona"]
[Date "2017.01.21"]
[Round "1.2"]
[White "Pomes Marcet, Juan"]
[Black "Rizouk, Aimen"]
[Result "1/2-1/2"]
[WhiteElo "2338"]
[BlackElo "2489"]
[PlyCount "79"]
[EventDate "2017.01.21"]
[EventType "team-tourn"]
[EventRounds "7"]
[EventCountry "ESP"]
[SourceTitle "CBM 176 Extra"]
[Source "ChessBase"]
[SourceDate "2017.03.02"]
[SourceVersion "1"]
[SourceVersionDate "2017.03.02"]
[SourceQuality "1"]
[WhiteTeam "Terrassa"]
[BlackTeam "Barbera"]
[WhiteTeamCountry "ESP"]
[BlackTeamCountry "ESP"]

1. d4 Nf6 2. c4 e6 3. Nc3 Bb4 4. e3 d5 5. a3 Bxc3+ 6. bxc3 0-0 7. cxd5 Qxd5 8. c4 Qd6 9. Nf3 c5 10. Bb2 Nbd7 11. Qc2 b6 12. Bd3 Bb7 13. Ne5 cxd4 14. exd4 Rac8 15. 0-0 b5 16. c5 Nxe5 17. cxd6 Rxc2 18. Bxc2 Nc4 19. Bc3 Nd5 20. Bb4 Nxb4 21. axb4 a6 22. Bd3 Nxd6 23. Rfc1 Rd8 24. Rc7 g6 25. f3 h5 26. h4 Kg7 27. Kf2 Kf6 28. Ke3 e5 29. d5 Kg7 30. g4 hxg4 31. fxg4 Bxd5 32. Rxa6 Nc4+ 33. Bxc4 Bxc4 34. h5 gxh5 35. gxh5 Rd3+ 36. Ke4 Rb3 37. Kxe5 Rxb4 38. Rg6+ Kh7 39. Rg4 Rb1 40. Rgxc4 1/2-1/2

[Event "Catalunya-chT GpB final"]
[Site "Barcelona"]
[Date "2015.04.18"]
[Round "11.3"]
[White "Pomes Marcet, Juan"]
[Black "Canal Oliveras, Joan"]
[Result "1/2-1/2"]
[WhiteElo "2344"]
[BlackElo "2232"]
[PlyCount "73"]
[EventDate "2015.03.14"]
[EventType "team-tourn"]
[EventRounds "11"]
[EventCountry "ESP"]
[SourceTitle "EXT 2016"]
[Source "ChessBase"]
[SourceDate "2015.10.08"]
[SourceVersion "1"]
[SourceVersionDate "2015.10.08"]
[SourceQuality "1"]
[WhiteTeam "Terrassa"]
[BlackTeam "Catalunya"]
[WhiteTeamCountry "ESP"]
[BlackTeamCountry "ESP"]

1. d4 f5 2. g3 Nf6 3. Bg2 e6 4. Nf3 d5 5. c4 c6 6. 0-0 Bd6 7. Bf4 Bxf4 8. gxf4 0-0 9. Nc3 Nbd7 10. cxd5 exd5 11. Ne5 Ne4 12. e3 Nxe5 13. dxe5 Nxc3 14. bxc3 Qe7 15. Qd4 Be6 16. Rab1 b6 17. Rfd1 Qa3 18. Qb4 Qxa2 19. Qd6 Rfe8 20. Qxc6 Rac8 21. Qb5 Red8 22. Ra1 Qc4 23. Qxc4 dxc4 24. Rxd8+ Rxd8 25. Rxa7 Rd1+ 26. Bf1 b5 27. f3 Bd5 28. Kf2 Rc1 29. Ra3 Kf7 30. Be2 h6 31. Ra7+ Kf8 32. Ra3 Ke7 33. h4 Rh1 34. Kg3 Rg1+ 35. Kf2 Rh1 36. Kg3 Rg1+ 37. Kf2 1/2-1/2